000 00298nam a2200109Ia 4500
100 _aDr/.Srija Unnikrishnan
942 _cBK
245 _aAdvances in computing communication and control:International conference ICA3 2011:Proceedings
260 _bSpringer
_c2011
546 _aENGLISH
999 _c35546
_d35546